| 000 | 00522nam a2200145Ia 4500 | ||
|---|---|---|---|
| 008 | 140724s9999 xx 000 0 und d | ||
| 050 |
_aBF 309 _b.Ar668 2009 |
||
| 100 | _aArce, Rommel V. | ||
| 245 |
_aPerception towards tattoo of selected male college students in Las Piñas City first semester 2008-2009 / _cRommel V. Arce. |
||
| 260 |
_aLas Piñas, Philippines : _bSouthville International School and Colleges, _cc2009. |
||
| 300 |
_a29 p. : _bill. ; _c28 cm. |
||
| 521 | _aPsychology | ||
| 942 | _cTH | ||
| 999 |
_c228897 _d228897 |
||